| Tag |
First Indicator |
Second Indicator |
Subfields |
| LEADER |
00000cam a2200000 i 4500 |
| 001 |
in00000992713 |
| 005 |
20150927174217.0 |
| 008 |
900613q1968 ksuaf b 00010 eng d |
| 035 |
|
|
|a (OCoLC)21797387
|
| 035 |
|
|
|9 AEY5972AM
|
| 040 |
|
|
|a TXA
|c TXA
|d UtOrBLW
|
| 049 |
1 |
|
|a TXA2
|
| 090 |
|
|
|a TD224.K2
|b C66 no. 36
|
| 100 |
1 |
|
|a Green, Don W.
|
| 245 |
1 |
0 |
|a Storage of fresh water in underground reservoirs containing saline water /
|c [by] Don W. Green, Ronald Cox [and] Craig Bate.
|
| 264 |
|
1 |
|a Manhattan :
|b Kansas State University,
|c [1968?]
|
| 300 |
|
|
|a 1 volume (various pagings) :
|b illustrations, diagrams, graphs, plates, tables ;
|c 29 cm.
|
| 336 |
|
|
|a text
|b txt
|2 rdacontent
|
| 337 |
|
|
|a unmediated
|b n
|2 rdamedia
|
| 338 |
|
|
|a volume
|b nc
|2 rdacarrier
|
| 490 |
1 |
|
|a Contribution ;
|v no. 36
|
| 500 |
|
|
|a A research project conducted at the University of Kansas.
|
| 500 |
|
|
|a Research commenced Sept. 1, 1966 and completed Dec. 31, 1968.
|
| 500 |
|
|
|a At head of title: Completion report.
|
| 504 |
|
|
|a References: pages 127-130.
|
| 500 |
|
|
|a Appendix: Computer program.
|
| 536 |
|
|
|d B-008-KAN
|
| 650 |
|
0 |
|a Water
|x Storage.
|
| 650 |
|
0 |
|a Underground reservoirs.
|
| 700 |
1 |
|
|a Cox, Ronald L.
|
| 700 |
1 |
|
|a Bate, Craig.
|
| 830 |
|
0 |
|a Contribution (Kansas Water Resources Research Institute) ;
|v no. 36.
|
| 999 |
|
|
|a MARS
|
| 999 |
f |
f |
|s d6399022-95a5-31ab-9ea0-3e40c6713c64
|i 01d53a1f-975f-37fc-a905-14bc384c41ab
|t 0
|
| 952 |
f |
f |
|p normal
|a Texas A&M University
|b College Station
|c Sterling C. Evans Library
|d Evans: Library Stacks
|t 0
|e TD224.K2 C66 no.36
|h Library of Congress classification
|i unmediated -- volume
|m A14814278256
|
| 998 |
f |
f |
|a TD224.K2 C66 no.36
|t 0
|l Evans: Library Stacks
|